Signal processing and machine learning theory / (Record no. 750096)
[ view plain ]
| 000 -LEADER | |
|---|---|
| fixed length control field | 00541cam a22001577i 4500 |
| 020 ## - INTERNATIONAL STANDARD BOOK NUMBER | |
| ISBN | 9780323917728 |
| 082 04 - DEWEY DECIMAL CLASSIFICATION NUMBER | |
| Classification number | 621.3822 |
| Edition number | 23 |
| 245 00 - TITLE STATEMENT | |
| Title | Signal processing and machine learning theory / |
| Statement of responsibility, etc | edited by Paulo S. R. Diniz |
| 260 ## - PUBLICATION, DISTRIBUTION, ETC. (IMPRINT) | |
| Place of publication | London : |
| Name of publisher | Academic Press, |
| Year of publication | c.2024 |
| 300 ## - PHYSICAL DESCRIPTION | |
| Number of Pages | l, 11184p. ; |
| Other physical details | ill. ; |
| 490 1# - SERIES STATEMENT | |
| Series statement | Academic Press library in signal processing ; |
| 504 ## - BIBLIOGRAPHY, ETC. NOTE | |
| Bibliography, etc | Includes bibliographical references (p. 1151-1159) and index. |
| 650 #0 - SUBJECT ADDED ENTRY--TOPICAL TERM | |
| Topical Term | Signal processing. |
| 700 1# - ADDED ENTRY--PERSONAL NAME | |
| Personal name | Diniz, Paulo Sergio Ramirez, |
| 942 ## - ADDED ENTRY ELEMENTS (KOHA) | |
| Source of classification or shelving scheme | Dewey Decimal Classification |
| Koha item type | Reference |
| Withdrawn status | Lost status | Source of classification or shelving scheme | Damaged status | Not for loan | Home Library | Current Location | Date acquired | Full call number | Accession Number | Price effective from | Koha item type |
|---|---|---|---|---|---|---|---|---|---|---|---|
| Dewey Decimal Classification | Dept. of Computer Science | Dept. of Computer Science | 01/07/2025 | 621.3822 SIG | DCS5221 | 01/07/2025 | Reference |
